Keagungan Allah

Bibliographic Details
Main Author: Al-Qarni, Aidh Abdullah
Other Authors: Abdul Halim Shaleh, Noraine Abu
Format: Book
Published: Kuala Lumpur : Al-Hidayah Publishers , 2006
Subjects:

MARC

LEADER 00000cam a2200000 7i4500
001 0000028791
005 20100108.0
008 100108
020 |a 983099693X 
090 0 0 |a 297.2112   |b QAR 
100 1 |a Al-Qarni, Aidh Abdullah 
245 1 0 |a Keagungan Allah   |c Aidh Abdullah Al-Qarni 
260 |a Kuala Lumpur :   |b Al-Hidayah Publishers ,   |c 2006 
500 |a Mengandungi ayat-ayat dari Al-Quran 
650 0 |a God (Islam) 
650 0 |a Islamic doctrines 
700 1 |a Abdul Halim Shaleh 
700 1 |a Noraine Abu 
999 |a 0001059102   |b Book   |c Adult Collection   |e Perbadanan Perpustakaan Awam Johor